| 000 | 00474nam a2200193 a 4500 | ||
|---|---|---|---|
| 001 | 1777027203650 | ||
| 003 | YourLibrary | ||
| 005 | 20260424161208.0 | ||
| 008 | 260424s2007##################000#0#eng## | ||
| 020 | _a9780750679947 | ||
| 082 | 0 | 4 | _a344.730523PAS |
| 100 | 1 |
_aPastor, James F., _eauthor. |
|
| 245 | 1 | 0 | _aSecurity Law and Methods : |
| 260 | _c2007. | ||
| 300 | _a609 pages | ||
| 650 | 0 | _aLaw. | |
| 942 | _cENGLISH | ||
| 040 |
_aYourLibrary _beng _cYourLibrary |
||
| 999 |
_c619869 _d619869 |
||